A new lease of life (Record no. 82130)

MARC details
000 -LEADER
fixed length control field 00826cad a22002055a 4500
001 - CONTROL NUMBER
control field L149315
008 - FIXED-LENGTH DATA ELEMENTS--GENERAL INFORMATION
fixed length control field 090720s2009 xxk 000 0 eng u
035 ## - SYSTEM CONTROL NUMBER
System control number (Sirsi) u149317
041 0# - LANGUAGE CODE
Language code of text/sound track or separate title eng
100 1# - MAIN ENTRY--PERSONAL NAME
Personal name McCollum, Chris
245 02 - TITLE STATEMENT
Title A new lease of life
Remainder of title conservation of two mausolea
Medium [electronic resource]
260 ## - PUBLICATION, DISTRIBUTION, ETC.
Date of publication, distribution, etc. 2010
490 #4 - SERIES STATEMENT
Series statement RICS Building Conservation Journal
Volume/sequential designation March/April 2010, (3)
520 ## - SUMMARY, ETC.
Summary, etc. Review of the conservation survey and subsequent work on three mausolea in Belfast, Northern Ireland.
590 ## - LOCAL NOTE (RLIN)
Local note KA
651 #4 - SUBJECT ADDED ENTRY--GEOGRAPHIC NAME
Geographic name Northern Ireland
Chronological subdivision 2007-
690 ## - LOCAL SUBJECT ADDED ENTRY--TOPICAL TERM (OCLC, RLIN)
Topical term or geographic name as entry element BUILT ENVIRONMENT-BUILDING TYPES-ANCIENT MONUMENTS AND HISTORIC BUILDINGS
856 41 - ELECTRONIC LOCATION AND ACCESS
Uniform Resource Identifier <a href="https://www.rics.org/site/download_feed.aspx?fileID=5880&fileExtension=PDF">https://www.rics.org/site/download_feed.aspx?fileID=5880&fileExtension=PDF</a>
Public note View this item (member-only access) at www.rics.org
942 ## - ADDED ENTRY ELEMENTS (KOHA)
Suppress in OPAC 0
Holdings
Withdrawn status Lost status Source of classification or shelving scheme Damaged status Not for loan Home library Current library Shelving location Date acquired Total Checkouts Full call number Barcode Date last seen Copy number Price effective from Koha item type
    Dewey Decimal Classification     Virtual Virtual Online 18/02/2010   ONLINE PUBLICATION 149317-2001 06/08/2019 1 06/08/2019 Journal article